[Event "8.HK 60 aars Jubilaeumsturnering 2003"]
[Site "Farum"]
[Date "2003.10.13"]
[Round "2"]
[White "Kongsted, Halfdan Christian"]
[Black "Hansen, Alex Mehr"]
[Result "1-0"]
[WhiteElo "2280"]
[BlackElo "1771"]
[PlyCount "45"]
[EventDate "2003.??.??"]

1. Nf3 d6 2. d4 Nf6 3. c4 Bg4 4. Nc3 Nbd7 5. e4 e5 6. Be2 Be7 7. Be3 c6 8. d5
Qa5 9. Nd2 h5 10. f3 Nxe4 11. fxe4 f5 12. exf5 Nf6 13. O-O Bd8 14. Kh1 cxd5 15.
cxd5 Nxd5 16. Nxd5 Bxe2 17. Qxe2 Qxd5 18. Rad1 Rc8 19. b3 Rc2 20. Nc4 Rxe2 21.
Rxd5 O-O 22. Rxd6 Bf6 23. Rd2 1-0

[Event "8.HK 60 aars Jubilaeumsturnering 2003"]
[Site "Farum"]
[Date "2003.10.13"]
[Round "2"]
[White "Larsen, Finn (1950)"]
[Black "Skjoldager, Flemming"]
[Result "1/2-1/2"]
[WhiteElo "1736"]
[BlackElo "2123"]
[PlyCount "90"]
[EventDate "2003.??.??"]

1. e4 c5 2. Nc3 e6 3. g3 Nc6 4. Bg2 g6 5. d3 Bg7 6. Bd2 d6 7. Nf3 Nge7 8. O-O
Rb8 9. a4 O-O 10. Qc1 Nd4 11. Nxd4 cxd4 12. Ne2 Bd7 13. c3 dxc3 14. Bxc3 Rc8
15. Qd2 Nc6 16. Bxg7 Kxg7 17. d4 Na5 18. Nc1 b6 19. Re1 Qe7 20. Bf1 Rc7 21. Bd3
Rfc8 22. Qe2 e5 23. d5 Qg5 24. Qd1 Nc4 25. Bxc4 Rxc4 26. Nd3 Rd4 27. Qe2 Bxa4
28. f4 Qe7 29. fxe5 dxe5 30. Qf3 Bb5 31. Ra3 Rc2 32. Rf1 Bxd3 33. Rxd3 Rxd3 34.
Qxd3 Rc8 35. Qf3 f6 36. Qd3 Qc5+ 37. Kh1 Qd6 38. Qd2 Rc4 39. Qd3 Rd4 40. Qe2
Qc5 41. g4 Rc4 42. Qf3 Qd6 43. b3 Rc7 44. Kg2 b5 45. Qf2 Qa6 1/2-1/2

[Event "8.HK 60 aars Jubilaeumsturnering 2003"]
[Site "Farum"]
[Date "2003.10.13"]
[Round "2"]
[White "Larsen, Knud"]
[Black "Bogdanov, Dimitri"]
[Result "0-1"]
[WhiteElo "1830"]
[BlackElo "2111"]
[PlyCount "126"]
[EventDate "2003.??.??"]

1. e4 g6 2. Nc3 Bg7 3. f4 c5 4. Nf3 a6 5. a4 Nc6 6. Bc4 e6 7. O-O Nge7 8. Qe1
Nd4 9. Nxd4 cxd4 10. Ne2 d5 11. exd5 Nxd5 12. d3 O-O 13. Qf2 Ne3 14. Bxe3 dxe3
15. Qxe3 Bxb2 16. Rab1 Bg7 17. Rb6 Bd7 18. a5 Bc6 19. c3 Qd6 20. Rfb1 Qa3 21.
R1b3 Qxa5 22. d4 Bb5 23. R6xb5 axb5 24. Rxb5 Qa1+ 25. Kf2 Qh1 26. Kg3 Qe1+ 27.
Kf3 Rfc8 28. Bb3 h5 29. Rxb7 Rcb8 30. Qe4 Rxb7 31. Qxb7 Ra3 32. d5 Qb1 33. Qc8+
Kh7 34. dxe6 fxe6 35. Bxe6 Qf1+ 36. Ke3 Qxg2 37. h4 Ra8 38. Qd7 Qh2 39. Qe7 Rf8
40. c4 Ra8 41. c5 Ra3+ 42. Kd2 Qf2 43. Bc4 Ra4 44. Bg8+ Kh8 45. Qe8 Rd4+ 46.
Kc2 Rxf4 47. Bf7+ Kh7 48. Bxg6+ Kh6 49. Bd3 Qxc5+ 50. Kd2 Qb4+ 51. Ke3 Rf6 52.
Qe4 Qxe4+ 53. Bxe4 Ra6 54. Nf4 Ra3+ 55. Bd3 Bf6 56. Ng2 Ra1 57. Kf3 Rh1 58. Kg3
Be5+ 59. Kf2 Rh3 60. Bf5 Bd4+ 61. Ke2 Rg3 62. Ne1 Re3+ 63. Kf1 Bc3 0-1

[Event "8.HK 60 aars Jubilaeumsturnering 2003"]
[Site "Farum"]
[Date "2003.10.13"]
[Round "2"]
[White "Lilja, Richard"]
[Black "Lauritsen, Martin Lee"]
[Result "0-1"]
[WhiteElo "2115"]
[BlackElo "1955"]
[PlyCount "137"]
[EventDate "2003.??.??"]

1. e4 c5 2. Nc3 Nc6 3. Bb5 Nd4 4. Bc4 e6 5. Nf3 Nxf3+ 6. Qxf3 d6 7. d3 Be7 8.
O-O a6 9. a4 Bg5 10. Qg3 Bf6 11. f4 Bd4+ 12. Be3 Bxe3+ 13. Qxe3 Ne7 14. f5 Nc6
15. fxe6 fxe6 16. Ne2 Ne5 17. Bb3 g5 18. d4 cxd4 19. Qxd4 Rf8 20. Rxf8+ Kxf8
21. Rf1+ Ke7 22. Qf2 Qh8 23. Rd1 Nc6 24. Qg3 Qe5 25. Rd3 Bd7 26. Qxe5 Nxe5 27.
Rh3 Rh8 28. Nd4 h5 29. Rg3 g4 30. Rc3 Rc8 31. Rxc8 Bxc8 32. Kf2 Bd7 33. Kg3 Ng6
34. c3 Kf6 35. Kf2 Nf4 36. Bc2 Ke5 37. g3 Nh3+ 38. Ke3 Ng5 39. a5 Be8 40. Ne2
Nf3 41. h4 Nh2 42. Kf2 Bg6 43. Nf4 Bf7 44. Nd3+ Kxe4 45. Ne1+ Kd5 46. Kg2 Nf3
47. Nxf3 gxf3+ 48. Kxf3 Kc4 49. Kf4 e5+ 50. Kg5 Kb5 51. Kf6 Bd5 52. Ke7 Bf3 53.
Kxd6 e4 54. g4 e3 55. g5 e2 56. Bd3+ Kxa5 57. Bxe2 Bxe2 58. b3 Bd1 59. b4+ Kb5
60. g6 Bb3 61. g7 b6 62. Ke7 a5 63. bxa5 bxa5 64. Kf6 a4 65. Kg6 a3 66. Kxh5 a2
67. Kh6 Bg8 68. Kg6 a1=Q 69. h5 0-1

[Event "8.HK 60 aars Jubilaeumsturnering 2003"]
[Site "Farum"]
[Date "2003.10.13"]
[Round "2"]
[White "Olsen, Miriam Frida"]
[Black "Christoffersen, Jan"]
[Result "1-0"]
[WhiteElo "1966"]
[BlackElo "1422"]
[PlyCount "79"]
[EventDate "2003.??.??"]

1. e4 e5 2. Nf3 Nc6 3. Bb5 a6 4. Ba4 b5 5. Bb3 d6 6. O-O Be7 7. c3 Na5 8. Bc2
Nf6 9. h3 O-O 10. d4 exd4 11. cxd4 Bb7 12. Re1 h6 13. Nbd2 Nh7 14. Nf1 Bh4 15.
Nxh4 Qxh4 16. Ng3 Rfe8 17. Nf5 Qf6 18. Bd2 Nc4 19. Bc3 d5 20. e5 Qg5 21. b3 Bc8
22. h4 Qd8 23. bxc4 Bxf5 24. Bxf5 dxc4 25. Qg4 Qe7 26. Rab1 c5 27. dxc5 Qxc5
28. e6 f6 29. Qe4 Nf8 30. e7 a5 31. exf8=Q+ Kxf8 32. Qf4 b4 33. Bd4 Qb5 34. Be4
Rad8 35. Bxf6 gxf6 36. Qxf6+ Kg8 37. Qg6+ Kf8 38. Qxh6+ Kg8 39. Bh7+ Kf7 40.
Qg6+ 1-0

[Event "8.HK 60 aars Jubilaeumsturnering 2003"]
[Site "Farum"]
[Date "2003.10.13"]
[Round "2"]
[White "Moller, Arne Vagn"]
[Black "Pedersen, Jens Kornbaek"]
[Result "1-0"]
[WhiteElo "1945"]
[BlackElo "1339"]
[PlyCount "89"]
[EventDate "2003.??.??"]

1. e4 c5 2. Nf3 d6 3. d4 cxd4 4. Nxd4 Nf6 5. Nc3 a6 6. Be2 e5 7. Nb3 Be7 8. O-O
O-O 9. Be3 b5 10. a3 Bb7 11. f3 Nbd7 12. Nc1 Rc8 13. Nd3 Nb6 14. Kh1 Nc4 15.
Bc1 Qb6 16. Qe1 d5 17. exd5 Bxd5 18. Bd1 Bd6 19. Ne4 Bb8 20. b3 Bxe4 21. fxe4
Nd6 22. Rxf6 gxf6 23. Bh6 Nxe4 24. Qxe4 f5 25. Qe3 Qxe3 26. Bxe3 e4 27. Nf4 Rc3
28. Nd5 Rxe3 29. Nxe3 f4 30. Nd5 f5 31. Be2 Rd8 32. c4 bxc4 33. Bxc4 Kg7 34.
Rf1 e3 35. Nxf4 Bxf4 36. Rxf4 Rd1+ 37. Rf1 Rd2 38. Re1 f4 39. Kg1 Kf6 40. g3
Kg5 41. gxf4+ Kxf4 42. Bxa6 Ke4 43. Bc4 Kd4 44. a4 Kc3 45. Rxe3+ 1-0

[Event "8.HK 60 aars Jubilaeumsturnering 2003"]
[Site "Farum"]
[Date "2003.10.13"]
[Round "2"]
[White "Nielsen, Erik"]
[Black "Edoo, Niels"]
[Result "0-1"]
[WhiteElo "1390"]
[BlackElo "1977"]
[PlyCount "80"]
[EventDate "2003.??.??"]

1. f4 Nf6 2. Nf3 g6 3. e3 Bg7 4. c4 O-O 5. Be2 d5 6. cxd5 Nxd5 7. Nc3 c6 8. O-O
b6 9. a3 Bb7 10. d4 c5 11. Bc4 cxd4 12. Bxd5 Bxd5 13. Nxd4 Bb7 14. Nde2 Nd7 15.
e4 Nc5 16. Qc2 e6 17. Rd1 Qc7 18. e5 Ne4 19. Be3 Rac8 20. Qa4 Nc5 21. Qc2 a6
22. Rac1 Rfd8 23. Rxd8+ Qxd8 24. Rd1 Qh4 25. Bf2 Qg4 26. Bg3 Ne4 27. Qd3 Nxg3
28. Qxg3 Qh5 29. Rd6 Bf8 30. Rd2 Bc5+ 31. Kf1 b5 32. h3 Qh6 33. Qd3 Qh4 34. Ne4
Bxe4 35. Qg3 Qxg3 36. Nxg3 Bd5 37. Rc2 Bc4+ 38. Ne2 Rd8 39. Ke1 Be3 40. Rc3
Bd2+ 0-1

[Event "8.HK 60 aars Jubilaeumsturnering 2003"]
[Site "Farum"]
[Date "2003.10.13"]
[Round "2"]
[White "Sorensen, Reto Utiger"]
[Black "Jensen, Jonbert"]
[Result "1-0"]
[WhiteElo "1918"]
[BlackElo "1291"]
[PlyCount "73"]
[EventDate "2003.??.??"]

1. e4 d6 2. d4 Nf6 3. Bd3 g6 4. Ne2 Bg7 5. c3 O-O 6. Na3 b6 7. O-O Bb7 8. Ng3
Nc6 9. Be3 a5 10. Qd2 Ng4 11. Nc2 e5 12. d5 Qh4 13. h3 Nxe3 14. Nxe3 Ne7 15. b4
Bh6 16. Qe1 Bc8 17. Be2 f5 18. exf5 gxf5 19. Nh1 Qg5 20. c4 Kh8 21. c5 bxc5 22.
bxc5 Ba6 23. Bxa6 Rxa6 24. Qe2 Raa8 25. cxd6 cxd6 26. f4 exf4 27. Nc4 Nxd5 28.
Nxd6 Bg7 29. Rae1 Ne3 30. Rf2 Bd4 31. Qf3 Ra6 32. Nb5 Nc2 33. Nxd4 Nxe1 34. Qe2
Rd6 35. Ne6 Rxe6 36. Qxe6 Nd3 37. Rf3 1-0

[Event "8.HK 60 aars Jubilaeumsturnering 2003"]
[Site "Farum"]
[Date "2003.10.13"]
[Round "2"]
[White "Hein, Jacob"]
[Black "Stolberg Rohr, Thomine"]
[Result "0-1"]
[WhiteElo "1338"]
[BlackElo "1844"]
[PlyCount "72"]
[EventDate "2003.??.??"]

1. d4 g6 2. c4 Bg7 3. Nc3 d6 4. e4 Nc6 5. Be3 e5 6. d5 Nce7 7. Be2 f5 8. f3 Nf6
9. Qd2 O-O 10. h4 f4 11. Bf2 Nh5 12. O-O-O a6 13. Nh3 Bd7 14. Ng5 Rf6 15. Rdg1
h6 16. Nh3 Qc8 17. Bf1 b5 18. b3 bxc4 19. Bxc4 Kh8 20. g4 fxg3 21. Bxg3 Bxh3
22. Qh2 Rxf3 23. Be1 Nf4 24. Rg3 Rxg3 25. Qxg3 Bd7 26. Rh2 Qb7 27. Rc2 Rf8 28.
Nd1 c6 29. Qc3 cxd5 30. Bxa6 Qxa6 31. Qc7 Nd3+ 32. Kd2 Nxe1 33. Kxe1 Qf1+ 34.
Kd2 Bg4 35. Rc1 Rc8 36. Qxe7 Qe2# 0-1

[Event "8.HK 60 aars Jubilaeumsturnering 2003"]
[Site "Farum"]
[Date "2003.10.13"]
[Round "2"]
[White "Larsen, Alex"]
[Black "Hansen, Henrik Damgaard"]
[Result "0-1"]
[WhiteElo "1234"]
[BlackElo "1703"]
[PlyCount "54"]
[EventDate "2003.??.??"]

1. e4 d5 2. exd5 Nf6 3. Nf3 Nxd5 4. d4 Bg4 5. Be3 e6 6. Bb5+ c6 7. Be2 Be7 8.
O-O O-O 9. Ne5 Nxe3 10. fxe3 Bxe2 11. Qxe2 Nd7 12. Nxd7 Qxd7 13. Nd2 c5 14. Nf3
Bf6 15. c3 Rac8 16. Rad1 Qc6 17. Qc2 Rfd8 18. Kh1 Qb6 19. e4 cxd4 20. e5 Be7
21. Rxd4 Rxd4 22. Nxd4 Qxd4 23. Qxh7+ Kxh7 24. cxd4 Rc2 25. h3 Kg6 26. g4 Rxb2
27. a4 Ra2 0-1

[Event "8.HK 60 aars Jubilaeumsturnering 2003"]
[Site "Farum"]
[Date "2003.10.13"]
[Round "2"]
[White "Thomsen, Frode Helvig"]
[Black "Olsen, Ole"]
[Result "1-0"]
[WhiteElo "1558"]
[BlackElo "1179"]
[PlyCount "77"]
[EventDate "2003.??.??"]

1. d4 d5 2. e3 Nf6 3. Bd3 Nc6 4. b3 b6 5. Bb2 e6 6. Nd2 a6 7. f4 Bb7 8. Ngf3 h6
9. O-O Be7 10. Ne5 Nxe5 11. fxe5 Nd7 12. Qg4 O-O 13. Nf3 Bg5 14. Rae1 Be7 15.
Rf2 a5 16. g3 Qe8 17. h4 f6 18. Qxe6+ Kh8 19. Qf5 Kg8 20. e6 g6 21. exd7 gxf5
22. dxe8=Q Rfxe8 23. Bxf5 Ba6 24. Be6+ Kg7 25. Bxd5 Rad8 26. c4 Bd6 27. Kg2 Bc8
28. e4 Bb4 29. Ree2 Bd6 30. e5 fxe5 31. Nxe5 Rf8 32. Rxf8 Rxf8 33. Rf2 Re8 34.
Rf7+ Kh8 35. Be4 Bxe5 36. dxe5 Kg8 37. Rxc7 Rd8 38. Bd5+ Kh8 39. e6+ 1-0

[Event "8.HK 60 aars Jubilaeumsturnering 2003"]
[Site "Farum"]
[Date "2003.10.14"]
[Round "3"]
[White "Bromann, Thorbjorn"]
[Black "Skjoldan, Benjamin"]
[Result "1-0"]
[WhiteElo "2323"]
[BlackElo "2104"]
[PlyCount "57"]
[EventDate "2003.??.??"]

1. d4 g6 2. e4 Bg7 3. Nc3 d6 4. f4 Nd7 5. Nf3 a6 6. Bc4 Nh6 7. Ng5 Nb6 8. Bb3
e6 9. O-O O-O 10. Kh1 Qe7 11. Be3 Bd7 12. a4 Nc8 13. Qf3 b6 14. e5 d5 15. g4 c6
16. Qh3 f5 17. exf6 Qxf6 18. Nf3 Nf7 19. Ne5 Nxe5 20. fxe5 Qe7 21. Rxf8+ Bxf8
22. Rf1 Na7 23. Qf3 Bg7 24. Bg5 Qe8 25. h4 c5 26. Nxd5 cxd4 27. Nf6+ Bxf6 28.
Qxf6 Qf8 29. Bxe6+ 1-0

[Event "8.HK 60 aars Jubilaeumsturnering 2003"]
[Site "Farum"]
[Date "2003.10.14"]
[Round "3"]
[White "Auchenberg, Per"]
[Black "Rathlev, Jakob"]
[Result "0-1"]
[WhiteElo "2098"]
[BlackElo "2203"]
[PlyCount "80"]
[EventDate "2003.??.??"]

1. e4 e6 2. d4 d5 3. Nd2 Nf6 4. e5 Nfd7 5. Bd3 c5 6. c3 Nc6 7. Ne2 cxd4 8. cxd4
f6 9. exf6 Nxf6 10. O-O Bd6 11. Nf3 O-O 12. Bg5 Bd7 13. Qb1 h6 14. Bh4 Be8 15.
Bg6 Bxg6 16. Qxg6 Qe8 17. Qxe8 Raxe8 18. Bg3 Ne4 19. Bxd6 Nxd6 20. Nc3 Nc4 21.
b3 Nd6 22. Rfd1 Rc8 23. Rac1 Rf4 24. Ne2 Rf7 25. Rd2 Ne4 26. Rdc2 Rcf8 27. Ng3
Kh7 28. Re2 Rf4 29. Nh5 Rxf3 30. gxf3 Nxd4 31. Re3 Nxf3+ 32. Kg2 Nh4+ 33. Kh3
Nf5 34. Re2 Nd4 35. Rb2 Nxf2+ 36. Kg2 Nd3 37. Rc7 Nxb2 38. Rxg7+ Kh8 39. Rxb7
e5 40. Rxa7 e4 0-1

[Event "8.HK 60 aars Jubilaeumsturnering 2003"]
[Site "Farum"]
[Date "2003.10.14"]
[Round "3"]
[White "Pallesen, Jacob"]
[Black "Strange, Mikkel"]
[Result "0-1"]
[WhiteElo "2059"]
[BlackElo "2256"]
[PlyCount "72"]
[EventDate "2003.??.??"]

1. d4 d5 2. c4 e6 3. cxd5 exd5 4. Nc3 c5 5. Nf3 Nc6 6. e3 Nf6 7. Be2 Bd6 8. O-O
O-O 9. a3 a6 10. dxc5 Bxc5 11. b4 Ba7 12. Bb2 Be6 13. b5 Na5 14. Bd3 Nc4 15.
Bxc4 dxc4 16. Qxd8 Rfxd8 17. Rfd1 Bg4 18. Rxd8+ Rxd8 19. Ne5 Bb8 20. Nxg4 Nxg4
21. h3 Ne5 22. bxa6 bxa6 23. Rd1 Rd3 24. Kf1 f5 25. Ke2 Kf7 26. f4 Rxd1 27.
Nxd1 Nd3 28. Kd2 Bd6 29. Kc3 Ke6 30. a4 Kd5 31. Ba1 Bb4+ 32. Kc2 Ne1+ 33. Kc1
Ke4 34. Bxg7 Nxg2 35. Bd4 Nxf4 36. Nb2 Ne2+ 0-1

[Event "8.HK 60 aars Jubilaeumsturnering 2003"]
[Site "Farum"]
[Date "2003.10.14"]
[Round "3"]
[White "Bogdanov, Dimitri"]
[Black "Kongsted, Halfdan Christian"]
[Result "1/2-1/2"]
[WhiteElo "2111"]
[BlackElo "2280"]
[PlyCount "89"]
[EventDate "2003.??.??"]

1. e4 c5 2. Nc3 Nc6 3. f4 g6 4. Nf3 Bg7 5. Bb5 Nd4 6. O-O Nxb5 7. Nxb5 d5 8. d3
a6 9. Nc3 Bxc3 10. bxc3 dxe4 11. dxe4 Qxd1 12. Rxd1 Nf6 13. e5 Ne4 14. Rd3 Bd7
15. Re3 Bc6 16. Ba3 O-O-O 17. Rae1 Nd2 18. Bxc5 Nxf3+ 19. gxf3 e6 20. Bd6 Bd5
21. a4 Kd7 22. Rb1 Rc8 23. Rb4 Rc4 24. Rxc4 Bxc4 25. Bb4 Rc8 26. a5 Kc6 27. Re1
b6 28. Ra1 bxa5 29. Bxa5 Kb5 30. Bb4 Bd5 31. Kf2 Ra8 32. Ra5+ Kb6 33. Ke3 Bc4
34. Rc5 Bb5 35. c4 Bc6 36. Ra5 Rb8 37. Ra1 Rg8 38. Ra5 Bb7 39. Bc3 Rc8 40. Ra4
Bc6 41. Bd4+ Kb7 42. Ra3 Ra8 43. Bc3 Kb6 44. Bd4+ Kb7 45. Bc3 1/2-1/2

[Event "8.HK 60 aars Jubilaeumsturnering 2003"]
[Site "Farum"]
[Date "2003.10.14"]
[Round "3"]
[White "Erichsen, Dan"]
[Black "Hejberg, Carsten"]
[Result "1/2-1/2"]
[WhiteElo "2154"]
[BlackElo "2062"]
[PlyCount "122"]
[EventDate "2003.??.??"]

1. e4 d6 2. d4 Nf6 3. Nc3 c6 4. Be3 Qa5 5. Bd3 e5 6. f3 Be7 7. Qd2 b5 8. Nge2
O-O 9. O-O Qc7 10. Ng3 Rd8 11. Qf2 Nbd7 12. Nf5 Bf8 13. d5 b4 14. dxc6 bxc3 15.
cxd7 Bxd7 16. bxc3 Bxf5 17. exf5 d5 18. Qe1 Bc5 19. Bxc5 Qxc5+ 20. Kh1 Re8 21.
Rb1 Rac8 22. Rb3 e4 23. fxe4 Nxe4 24. Bxe4 dxe4 25. f6 g6 26. Qh4 h5 27. Qf4 e3
28. Re1 e2 29. c4 Qe5 30. Rf3 Qxf4 31. Rxf4 Rc5 32. Kg1 g5 33. Rd4 Ra5 34. Rd5
Rxa2 35. Rxg5+ Kh7 36. Rg7+ Kh6 37. Rxf7 Rxc2 38. Rxa7 Kg6 39. Re7 Rf8 40.
R7xe2 Rxc4 41. Rf1 Rxf6 42. Rxf6+ Kxf6 43. g3 Ra4 44. Kg2 Rb4 45. Kf3 Kf5 46.
Re3 Ra4 47. Rb3 Rc4 48. Rb5+ Kg6 49. Re5 Ra4 50. h3 Rb4 51. Re4 Rb3+ 52. Re3
Rb4 53. Ra3 Kf5 54. Ra5+ Kg6 55. Ra6+ Kg7 56. Re6 Ra4 57. h4 Rb4 58. Re4 Rb3+
59. Kf4 Kf6 60. Ra4 Kg6 61. Ra6+ Kg7 1/2-1/2

[Event "8.HK 60 aars Jubilaeumsturnering 2003"]
[Site "Farum"]
[Date "2003.10.14"]
[Round "3"]
[White "Lauritsen, Martin Lee"]
[Black "Christensen, Rene Baarup"]
[Result "1-0"]
[WhiteElo "1955"]
[BlackElo "2020"]
[PlyCount "111"]
[EventDate "2003.??.??"]

1. e4 c5 2. Nf3 Nc6 3. d4 cxd4 4. Nxd4 g6 5. Be3 Bg7 6. Nc3 Nf6 7. Bc4 O-O 8.
f3 d6 9. Qd2 Bd7 10. O-O-O Qa5 11. Kb1 Rfc8 12. Bb3 Ne5 13. g4 Nc4 14. Bxc4
Rxc4 15. Nb3 Qc7 16. h4 b5 17. Bh6 Rxc3 18. Bxg7 Rxf3 19. Qg2 Rc8 20. g5 Kxg7
21. Nd4 Rf4 22. gxf6+ Rxf6 23. h5 Qc5 24. hxg6 Rxg6 25. Qh2 h6 26. Qh4 Qg5 27.
Qh2 Qg2 28. Qh4 e5 29. Nf5+ Bxf5 30. exf5 Qxc2+ 31. Ka1 Qxf5 32. Rhf1 Qg5 33.
Qh3 f5 34. Qa3 Qe7 35. Rxf5 Rf8 36. Rxf8 Kxf8 37. Qd3 Qe8 38. a3 e4 39. Rf1+
Kg8 40. Qd5+ Qe6 41. Qa8+ Kh7 42. Qxa7+ Rg7 43. Qe3 d5 44. Re1 Rf7 45. Qd4 h5
46. Rh1 Qf5 47. Ka2 Rd7 48. Rc1 Qf7 49. Rc8 Qg7 50. Qf2 Qe5 51. Qf8 Rg7 52. Re8
Qc7 53. Qf5+ Rg6 54. Qxh5+ Kg7 55. Qh8+ Kf7 56. Qf8# 1-0

[Event "8.HK 60 aars Jubilaeumsturnering 2003"]
[Site "Farum"]
[Date "2003.10.14"]
[Round "3"]
[White "Edoo, Niels"]
[Black "Andersen, Ib Hother"]
[Result "0-1"]
[WhiteElo "1977"]
[BlackElo "2137"]
[PlyCount "130"]
[EventDate "2003.??.??"]

1. e4 e5 2. Nf3 Nc6 3. d4 exd4 4. Nxd4 Nf6 5. Nc3 Bb4 6. Nxc6 bxc6 7. Bd3 d5 8.
exd5 cxd5 9. O-O O-O 10. Bg5 c6 11. a3 Be7 12. Re1 Re8 13. h3 Be6 14. Qf3 Nd7
15. Bxe7 Qxe7 16. Qh5 Nf6 17. Qh4 h6 18. g4 Nh7 19. Qxe7 Rxe7 20. f4 Rae8 21.
Kf2 Bc8 22. Na4 h5 23. Rxe7 Rxe7 24. Kf3 hxg4+ 25. hxg4 Nf6 26. f5 Ne4 27. Bxe4
Rxe4 28. Nc3 Rc4 29. Re1 Kf8 30. Re3 g6 31. b3 Rd4 32. fxg6 fxg6 33. g5 Rg4 34.
Re5 Bf5 35. Ne2 Rxg5 36. Re3 Be4+ 37. Kf4 Rf5+ 38. Kg3 Rf6 39. Nd4 a6 40. Rc3
Ke8 41. Rxc6 Rxc6 42. Nxc6 Bxc2 43. b4 Kf7 44. Kf4 Kf6 45. Nd4 g5+ 46. Ke3 Ba4
47. Ne2 Ke5 48. Nd4 g4 49. Ne2 Bd1 50. Nc1 d4+ 51. Kd2 Ba4 52. Nd3+ Kd5 53. Nb2
Bb5 54. a4 Bc4 55. Ke1 g3 56. Nd1 Bb3 57. Nb2 Bxa4 58. Kf1 Bb5+ 59. Kg2 d3 60.
Kxg3 Kd4 61. Kf2 Kc3 62. Nxd3 Bxd3 63. Ke3 Kxb4 64. Kxd3 Kb3 65. Kd2 Kb2 0-1

[Event "8.HK 60 aars Jubilaeumsturnering 2003"]
[Site "Farum"]
[Date "2003.10.14"]
[Round "3"]
[White "Skjoldager, Flemming"]
[Black "Moller, Arne Vagn"]
[Result "0-1"]
[WhiteElo "2123"]
[BlackElo "1945"]
[PlyCount "118"]
[EventDate "2003.??.??"]

1. e4 c5 2. Nf3 d6 3. d4 cxd4 4. Nxd4 Nf6 5. Nc3 e5 6. Nde2 Nc6 7. h3 a6 8. a4
Be6 9. Bg5 Be7 10. Bxf6 Bxf6 11. g3 Qa5 12. Bg2 O-O 13. O-O Rac8 14. Nd5 Bg5
15. c3 Bxd5 16. b4 Qc7 17. Qxd5 Ne7 18. Qa2 h5 19. h4 Bh6 20. Rfd1 g6 21. Rd3
Kg7 22. Rad1 Rcd8 23. Kh2 f5 24. f3 g5 25. hxg5 Bxg5 26. f4 fxe4 27. Bxe4 exf4
28. Nd4 fxg3+ 29. Rxg3 Kh6 30. Ne6 Qb6 31. Nxf8 Rxf8 32. Rg2 Rf6 33. Qe2 Rf4
34. Rxg5 Kxg5 35. Rg1+ Kh6 36. Qd2 Qf2+ 37. Qxf2 Rxf2+ 38. Kg3 Rf7 39. Bxb7
Nf5+ 40. Kf4 Ng7+ 41. Ke4 Rxb7 42. Kd5 Rc7 43. Kxd6 Rxc3 44. b5 Nf5+ 45. Kd7
axb5 46. axb5 Rb3 47. Ke6 Rxb5 48. Kf6 Nh4 49. Rg3 Rf5+ 50. Ke6 Rg5 51. Rh3 Ng6
52. Kf6 h4 53. Rh1 Kh5 54. Rf1 h3 55. Rf3 Nf4 56. Rf1 h2 57. Rh1 Rg2 58. Kf5
Nh3 59. Ke4 Kg4 0-1

[Event "8.HK 60 aars Jubilaeumsturnering 2003"]
[Site "Farum"]
[Date "2003.10.14"]
[Round "3"]
[White "Stolberg Rohr, Thomine"]
[Black "Hansen, Lars Henrik Bech"]
[Result "0-1"]
[WhiteElo "1844"]
[BlackElo "2090"]
[PlyCount "56"]
[EventDate "2003.??.??"]

1. e4 d6 2. f4 Nf6 3. Nc3 g6 4. Nf3 Bg7 5. Bc4 O-O 6. d3 c6 7. O-O b5 8. Bb3
Na6 9. Qe1 Nc5 10. Qh4 a5 11. a4 Nxb3 12. cxb3 b4 13. Nd1 Ba6 14. Nf2 Qb6 15.
Kh1 Qc5 16. g4 Qc2 17. Nd4 Qc5 18. Be3 Nxg4 19. Rfc1 Qa7 20. Nxc6 Qxe3 21. Nxg4
Qf3+ 22. Kg1 Bxd3 23. Nxe7+ Kh8 24. Nf6 Qe3+ 25. Kg2 Bxe4+ 26. Kf1 h5 27. f5
Bd3+ 28. Kg2 Qxe7 0-1

[Event "8.HK 60 aars Jubilaeumsturnering 2003"]
[Site "Farum"]
[Date "2003.10.14"]
[Round "3"]
[White "Ulrich, Jesper"]
[Black "Sorensen, Reto Utiger"]
[Result "1/2-1/2"]
[WhiteElo "2082"]
[BlackElo "1918"]
[PlyCount "57"]
[EventDate "2003.??.??"]

1. d4 e6 2. c4 b6 3. Nc3 Bb7 4. e4 Bb4 5. f3 f5 6. exf5 Nh6 7. fxe6 Nf5 8.
exd7+ Nxd7 9. g3 Qf6 10. d5 Bxc3+ 11. bxc3 O-O-O 12. Ne2 Rhe8 13. Kf2 Ne5 14.
Nd4 Nxd4 15. cxd4 Nxf3 16. Bh3+ Kb8 17. Qxf3 Qxd4+ 18. Be3 Qb2+ 19. Qe2 Rf8+
20. Bf4 Qd4+ 21. Qe3 Qxc4 22. Rhc1 Qa4 23. Kg1 Rxd5 24. Bxc7+ Ka8 25. Bg2 Re8
26. Qf2 Qd7 27. Bf4 g5 28. Bxg5 Rxg5 29. Bxb7+ 1/2-1/2

[Event "8.HK 60 aars Jubilaeumsturnering 2003"]
[Site "Farum"]
[Date "2003.10.14"]
[Round "3"]
[White "Mortensen, Henrik"]
[Black "Larsen, Finn (1950)"]
[Result "1/2-1/2"]
[WhiteElo "2018"]
[BlackElo "1736"]
[PlyCount "64"]
[EventDate "2003.??.??"]

1. e4 e6 2. d4 d5 3. Nd2 Nf6 4. e5 Nfd7 5. c3 c5 6. f4 Nc6 7. Ndf3 c4 8. g4 b5
9. Bh3 f5 10. gxf5 exf5 11. e6 Nf6 12. Bxf5 g6 13. Bh3 Qe7 14. Qe2 b4 15. Ng5
bxc3 16. bxc3 Bg7 17. N1f3 Nd8 18. f5 h6 19. Nf7 Nxf7 20. exf7+ Kxf7 21. fxg6+
Ke8 22. Qxe7+ Kxe7 23. Ba3+ Kd8 24. Bxc8 Rxc8 25. Ne5 Re8 26. O-O Rg8 27. Nf7+
Kd7 28. Nxh6 Bxh6 29. Rxf6 Rc6 30. Raf1 Rxg6+ 31. Rxg6 Rxg6+ 32. Kf2 Ra6
1/2-1/2

[Event "8.HK 60 aars Jubilaeumsturnering 2003"]
[Site "Farum"]
[Date "2003.10.14"]
[Round "3"]
[White "Hansen, Alex Mehr"]
[Black "Ohayv, Nikolaj"]
[Result "0-1"]
[WhiteElo "1771"]
[BlackElo "1967"]
[PlyCount "110"]
[EventDate "2003.??.??"]

1. e4 c5 2. c3 Nc6 3. f4 e6 4. d4 d5 5. e5 Nh6 6. Nf3 Be7 7. Bd3 Bd7 8. Nbd2
Qb6 9. dxc5 Bxc5 10. h3 Bf2+ 11. Kf1 Bg3 12. Qe2 Bxf4 13. Nb3 Bxc1 14. Rxc1
O-O-O 15. g4 Kb8 16. g5 Ng8 17. Kg2 Nge7 18. h4 g6 19. Nh2 Nf5 20. Ng4 Nce7 21.
Qf2 d4 22. Nf6 Bc6+ 23. Be4 Bxe4+ 24. Nxe4 Qc6 25. Qf3 d3 26. Nd4 Rxd4 27. cxd4
Qxc1 28. Rxc1 Nxh4+ 29. Kf2 Nxf3 30. Kxf3 Nf5 31. Nd6 Nxd6 32. exd6 Rd8 33. Ke3
d2 34. Kxd2 Rxd6 35. Ke3 Rd5 36. Rc5 Rxc5 37. dxc5 Kc7 38. Kd4 Kc6 39. b4 Kb5
40. a3 Ka4 41. Ke5 a5 42. bxa5 Kxa5 43. Kf6 Kb5 44. Kxf7 e5 45. Kg7 e4 46. Kxh7
e3 47. Kxg6 e2 48. Kg7 e1=Q 49. g6 Qe7+ 50. Kh8 Qh4+ 51. Kg8 Kxc5 52. g7 Kb5
53. Kf7 Qh7 54. Kf8 Ka4 55. g8=Q Qxg8+ 0-1

[Event "8.HK 60 aars Jubilaeumsturnering 2003"]
[Site "Farum"]
[Date "2003.10.14"]
[Round "3"]
[White "Hansen, Henrik Damgaard"]
[Black "Olsen, Miriam Frida"]
[Result "1/2-1/2"]
[WhiteElo "1703"]
[BlackElo "1966"]
[PlyCount "73"]
[EventDate "2003.??.??"]

1. e4 c5 2. c3 Nf6 3. e5 Nd5 4. d4 cxd4 5. cxd4 e6 6. Nf3 d6 7. Nc3 Nxc3 8.
bxc3 Qc7 9. Qb3 Nd7 10. Bf4 dxe5 11. Nxe5 Bd6 12. Bb5 O-O 13. Bxd7 Bxe5 14.
Bxe5 Qxd7 15. O-O b6 16. Rac1 Bb7 17. f3 Rac8 18. Bg3 Ba6 19. Rfe1 Rc4 20. Qb2
Rfc8 21. Red1 Qc6 22. Be1 b5 23. a3 Ra4 24. Rc2 Qd6 25. Ra1 Qd5 26. Rd1 Bb7 27.
Qa2 Qd6 28. Ra1 b4 29. Qb3 Ra5 30. Qxb4 Qxb4 31. cxb4 Rxc2 32. bxa5 f6 33. Bb4
a6 34. Bc5 e5 35. Re1 Bc6 36. Bb6 exd4 37. Bxd4 1/2-1/2

[Event "8.HK 60 aars Jubilaeumsturnering 2003"]
[Site "Farum"]
[Date "2003.10.14"]
[Round "3"]
[White "Larsen, Knud"]
[Black "Thomsen, Frode Helvig"]
[Result "1-0"]
[WhiteElo "1830"]
[BlackElo "1558"]
[PlyCount "82"]
[EventDate "2003.??.??"]

1. e4 e5 2. Nf3 Nc6 3. Bb5 a6 4. Ba4 Nf6 5. d4 exd4 6. O-O Be7 7. e5 Nd5 8. Re1
O-O 9. Bb3 Nb6 10. Nxd4 Nxd4 11. Qxd4 d5 12. c3 c5 13. Qf4 Qd7 14. Nd2 Qf5 15.
Qxf5 Bxf5 16. h3 Rfe8 17. Nf3 h6 18. Bf4 Rad8 19. g4 Bd7 20. e6 Bxe6 21. Bc7
Rd6 22. Bxd6 Bxd6 23. Rad1 Kf8 24. Ne5 f6 25. Ng6+ Kf7 26. Nh4 g5 27. Ng2 Rd8
28. Re2 c4 29. Bc2 Nd7 30. Ne1 Nc5 31. Nf3 h5 32. Nd4 hxg4 33. Nxe6 Nxe6 34.
hxg4 Nf4 35. Red2 Bc5 36. Be4 Rh8 37. Bxd5+ Kg7 38. Be4 Nd3 39. Bxd3 cxd3 40.
Rxd3 Rh4 41. Rg3 Kg6 1-0